Welcome to the Holygrace Academy Library

Please use search bar below to get started

30 DAYS TO MORE POWERFUL VOCABULARY (Record no. 4095)

MARC details
000 -LEADER
fixed length control field 00275nam a22001217a 4500
082 ## - DEWEY DECIMAL CLASSIFICATION NUMBER
Classification number 425
Item number FUN/T
100 ## - MAIN ENTRY--AUTHOR NAME
Personal name FUNK,WILFRED
245 ## - TITLE STATEMENT
Title 30 DAYS TO MORE POWERFUL VOCABULARY
260 ## - PUBLICATION, DISTRIBUTION, ETC. (IMPRINT)
Place of publication NEWYORK
Name of publisher POCKET BOOKS
300 ## - PHYSICAL DESCRIPTION
Number of Pages 244
650 ## - SUBJECT ADDED ENTRY--TOPICAL TERM
Topical Term VOCABULARY
Geographic subdivision NEW YORK
942 ## - ADDED ENTRY ELEMENTS (KOHA)
Koha item type Books
Holdings
Withdrawn status Lost status Collection code Home library Current library Shelving location Date acquired Source of acquisition Full call number Accession Number Koha item type
    Reference Main Library Main Library SHELF-16C -ENGLISH GRAMMAR SYNONYMS7ANTONYMS,LETTERS, ETC 09/11/2016 PURCHASE 425 FUN/T 09948 Books